El saldo rojo de los insecticidas en América Latina: A propósito de su utilización contra la Malaria /
Gespeichert in:
| 1. Verfasser: | |
|---|---|
| Format: | Text |
| Schlagworte: | |
| Tags: |
Tag hinzufügen
Keine Tags, Fügen Sie den ersten Tag hinzu!
|
MARC
| LEADER | 00000 a a2200000 04500 | ||
|---|---|---|---|
| 001 | 47590 | ||
| 003 | |||
| 040 | |||
| 090 | |a REV0857 7 (20) 1981 | ||
| 100 | |a Franco Agudelo, Saul | ||
| 245 | |a El saldo rojo de los insecticidas en América Latina: |b A propósito de su utilización contra la Malaria / |c Saul Franco Agudelo | ||
| 650 | |a INSECTICIDAS | ||
| 650 | |a INTOXICACION | ||
| 650 | |a CONTAMINACION AMBIENTAL | ||
| 650 | |a POBLACION | ||
| 650 | |a AMERICA LATINA | ||
| 773 | |g volumen7, número20, setiembre-diciembre (1981) | ||
| 999 | |c 35323 |d 35323 | ||
